[Event "USA-ch Junior Girls 2018"]
[Site "Saint Louis"]
[Date "2018.07.13"]
[Round "2"]
[White "Samadashvili, Martha"]
[Black "Nguyen, Emily"]
[Result "0-1"]
[WhiteElo "2040"]
[BlackElo "2215"]
[Annotator "TA"]
[PlyCount "112"]
[EventDate "2018.07.12"]
[EventType "tourn"]
[EventCountry "USA"]
[SourceTitle "playchess.com"]
[Source "ChessBase"]
[SourceQuality "1"]

{[%evp 17,112,0,10,0,7,6,6,6,5,3,17,-12,8,0,33,-8,22,-28,0,0,0,-8,0,0,0,0,0,0,7,0,0,-5,0,-25,-24,-33,-24,-20,-18,-38,0,0,0,-88,0,-7,-15,-14,0,-107,-104,-942,-811,-739,-501,-374,-71,-71,-69,-42,0,-79,-35,-374,-51,-225,-46,-341,-343,-1270,-1188,-2172,-1947,-29963,-29968,-29972,-29973,-29973,-29974,-29974,-29975,-29974,-29973,-29977,-29978,-29978,-29979,-29979,-29980,-29980,-29981,-29981,-29982,-29982,-29983,-29983,-29984]} 1. e4 e5 2. Nf3 Nc6 3. Bc4 Bc5 4. O-O d6 5. h3 Nf6 6. d3 h6 7. a4 {C50: Hungarian Defence and Giuoco Pianissimo} a5 8. c3 O-O 9. Na3 Be6 {LiveBook: 4 Games} (9... Ba7 10. Nb5 Bb6 11. Re1 Ne7 12. d4 exd4 13. Nbxd4 Ng6 14. Bb3 {0-1 (36) Nepomniachtchi,I (2751)-Karjakin,S (2783) chess.com INT 2017}) 10. Bxe6 fxe6 11. Nc4 Qe8 $146 ({Predecessor:} 11... Ba7 12. Qb3 Qd7 13. Qb5 Rfb8 14. Kh1 Qf7 15. Bd2 {0-1 (34) Beinenson,K (1933)-Kusenkova,N (2112) Minsk 2018}) 12. Be3 Bxe3 13. fxe3 Qh5 14. Nh2 Qg5 15. Nf3 Qh5 16. Nh2 Qg6 17. Ng4 Nd7 18. Nd2 Nc5 19. d4 Rxf1+ 20. Qxf1 Rf8 21. Qb1 Nd7 22. Qd3 h5 23. Nh2 Nf6 24. Nhf3 d5 $36 {[%cal Rf6e4][%mdl 2048] Black has good play.} 25. Nxe5 (25. Qb5 $5 {[%cal Rb5b7]}) 25... Nxe5 26. dxe5 Nxe4 27. Nxe4 dxe4 $11 {[%mdl 4096] Endgame KQR-KQR} 28. Qe2 Qf5 29. Rd1 Qxe5 30. Rf1 (30. Qc4 $11) 30... Qd5 (30... Qg5 $17) 31. Rxf8+ Kxf8 {KQ-KQ} 32. Qf2+ $1 Kg8 33. Qe2 (33. Qf4 $11) 33... Qd3 34. Qxd3 $4 {[%mdl 8192]} (34. Kf2 $17) 34... exd3 $17 {KP-KP} 35. Kf2 Kf7 36. Ke1 Kf6 $2 (36... c5 $19 {Threatens to win with ...Kf6.} 37. b3 Kf6) 37. Kd2 Ke5 {...Ke4 is the strong threat.} 38. Kxd3 h4 39. b3 (39. b4 $1 $11) 39... b6 40. Ke2 $2 {[%mdl 8192]} (40. b4 $1 $15) 40... c6 $2 (40... Ke4 $1 $19 41. Kd2 c6) 41. Kd3 $2 ({White has to play} 41. Kf3 $15) 41... Kd5 $2 ({Black should try} 41... g6 $1 $19 42. b4 Kf5) 42. b4 $2 {[%mdl 8192]} (42. e4+ $1 $15 Kc5 43. Ke3) 42... Ke5 $1 $19 43. Ke2 $2 {[#]} (43. bxa5 bxa5 44. c4) 43... Ke4 $1 44. Kd2 c5 45. bxa5 bxa5 {Black mates.} 46. c4 g6 47. Ke2 g5 48. Kd2 Kf5 49. Ke2 {[#]} g4 $1 {[%cal Rg4h3]} 50. hxg4+ Kxg4 51. Kf1 Kg3 52. Kg1 e5 {[%cal Be6e5,Be5e4][%mdl 32]} 53. Kf1 e4 54. Kg1 h3 55. gxh3 Kxh3 56. Kf2 Kh2 {Precision: White = 27%, Black = 46%.} 0-1

[Event "USA-ch Junior Girls 2018"]
[Site "Saint Louis"]
[Date "2018.07.13"]
[Round "2"]
[White "Morris-Suzuki, Sophie"]
[Black "Cervantes Landeiro, Thalia"]
[Result "0-1"]
[WhiteElo "1980"]
[BlackElo "2208"]
[Annotator "NA"]
[PlyCount "78"]
[EventDate "2018.07.12"]
[EventType "tourn"]
[EventCountry "USA"]
[SourceTitle "playchess.com"]
[Source "ChessBase"]
[SourceQuality "1"]
[TimeControl "40/5400+30:1800+30"]

1. d4 {[%emt 0:00:00]} Nf6 {[%emt 0:00:00]} 2. c4 {[%emt 0:00:00]} g6 {[%emt 0:00:00]} 3. g3 {[%emt 0:00:05]} c6 {[%emt 0:00:00]} 4. Bg2 {[%emt 0:00:36]} d5 {[%emt 0:00:00]} 5. cxd5 {[%emt 0:00:16]} cxd5 {[%emt 0:00:04]} 6. Nf3 {[%emt 0:00:19]} Bg7 {[%emt 0:00:07]} 7. O-O {[%emt 0:00:13]} Nc6 {[%emt 0:01:07]} 8. Ne5 {[%emt 0:03:21]} O-O {[%emt 0:04:02]} 9. Nc3 {[%emt 0:02:07]} Bf5 {[%emt 0:10:02]} 10. Bf4 {[%emt 0:06:43]} Rc8 {[%emt 0:08:56] D79: Fianchetto Grünfeld: Symmetrical Variation (6 0-0 c6 7 cxd5 cxd5)} 11. Nxc6 {[%emt 0:03:18]} bxc6 {[%emt 0:05:00]} 12. Na4 {[%emt 0:03:33]} Ne4 {[%emt 0:02:31]} 13. f3 $146 {[%emt 0:04:28]} ({Predecessor:} 13. Rc1 Qa5 14. a3 Nd6 15. Bd2 Qd8 16. e3 h5 17. Qe2 Ne4 18. Be1 e5 19. dxe5 Bxe5 {0-1 (34) Gagunashvili,M (2560)-Mamedov,R (2660) Nakhchivan 2014}) 13... Nd6 {[%emt 0:01:32]} 14. Nc5 {[%emt 0:03:42]} Qb6 {[%emt 0:10:06]} 15. e3 {[%emt 0:15:40]} Qxb2 {[%emt 0:10:35]} 16. Rf2 {[%emt 0:02:38]} Qb4 {[%emt 0:01:57]} 17. g4 {[%emt 0:04:29]} Be6 {[%emt 0:00:31]} 18. Rb1 {[%emt 0:03:01]} Qa5 {[%emt 0:01:43]} 19. Bf1 {[%emt 0:04:29]} ({Much worse is} 19. Nxe6 fxe6 20. Bg5 Qc7 $15) 19... Rb8 {[%emt 0:07:23]} 20. Rfb2 {[%emt 0:01:33]} Rxb2 {[%emt 0:00:32]} 21. Rxb2 {[%emt 0:00:12]} Nc4 {[%emt 0:04:56]} 22. Rc2 {[%emt 0:05:11]} Bc8 {[%emt 0:05:53]} 23. Bxc4 {[%emt 0:12:19]} dxc4 {[%emt 0:00:09]} 24. Rxc4 {[%emt 0:04:14]} Qxa2 {[%emt 0:00:52]} 25. Ra4 {[%emt 0:05:35]} Qd5 {[%emt 0:02:13]} 26. Bc7 {[%emt 0:03:01]} (26. e4 $11 Qd8 27. Qd2) 26... f5 {[%emt 0:03:48]} 27. gxf5 {[%emt 0:03:33]} Qxf5 {[%emt 0:01:15]} 28. Rxa7 {[%emt 0:04:24]} Qg5+ {[%emt 0:05:04]} ({Much less strong is} 28... Qxf3 29. Qxf3 Rxf3 30. Ra8 $17) 29. Kf2 {[%emt 0:02:07]} h5 {[%emt 0:05:37]} 30. Ne4 {[%emt 0:02:23]} Qd5 {[%emt 0:01:49]} 31. Kg1 $19 {[%emt 0:01:09]} (31. Ke1 $11 {und Weiss steht sicher.}) 31... Bg4 {[%emt 0:03:06]} 32. Ra5 {[%emt 0:00:50]} Qxe4 {[%emt 0:01:01]} 33. fxg4 {[%emt 0:00:16]} Qxe3+ {[%emt 0:00:25]} 34. Kh1 {[%emt 0:00:11]} Qe4+ {[%emt 0:00:08]} 35. Kg1 {[%emt 0:00:05]} Bxd4+ {[%emt 0:00:06]} 36. Qxd4 {[%emt 0:00:09]} Qxd4+ {[%emt 0:00:10]} 37. Kg2 {[%emt 0:00:05]} Rf2+ {[%emt 0:00:21]} 38. Kg3 {[%emt 0:00:38]} Re2 {[%emt 0:01:32]} 39. Ra3 {[%emt 0:00:11]} Qxg4# {[%emt 0:00:08]} 0-1

[Event "USA-ch Junior Girls 2018"]
[Site "Saint Louis"]
[Date "2018.07.14"]
[Round "3"]
[White "Nguyen, Emily"]
[Black "Yip, Carissa"]
[Result "1/2-1/2"]
[WhiteElo "2215"]
[BlackElo "2364"]
[Annotator "ChessBase"]
[PlyCount "101"]
[EventDate "2018.07.12"]
[EventType "tourn"]
[EventCountry "USA"]
[SourceTitle "playchess.com"]
[Source "ChessBase"]
[SourceQuality "1"]
[TimeControl "40/5400+30:1800+30"]

1. d4 {[%emt 0:00:00]} g6 {[%emt 0:00:00]} 2. c4 {[%emt 0:00:00]} Nf6 {[%emt 0:00:00]} 3. Nf3 {[%emt 0:00:00]} Bg7 {[%emt 0:00:00]} 4. g3 {[%emt 0:00:00]} d5 {[%emt 0:00:00]} 5. cxd5 {[%emt 0:00:00]} Nxd5 {[%emt 0:00:02]} 6. Bg2 {[%emt 0:00:02]} Nb6 {[%emt 0:00:05]} 7. Nc3 {[%emt 0:00:05]} Nc6 {[%emt 0:00:04]} 8. e3 {[%emt 0:00:05]} O-O {[%emt 0:00:05]} 9. O-O {[%emt 0:00:04]} Re8 {[%emt 0:00:09]} 10. Nh4 {[%emt 0:00:07]} e5 {[%emt 0:00:24]} 11. d5 {[%emt 0:00:09]} Nb4 {[%emt 0:00:12]} 12. Qb3 {[%emt 0:00:10]} Qe7 {[%emt 0:02:06]} 13. e4 {[%emt 0:11:04]} c6 {[%emt 0:05:30]} 14. Be3 {[%emt 0:03:42]} Nd3 {[%emt 0:06:28]} 15. Bxb6 {[%emt 0:13:46]} axb6 {[%emt 0:00:03]} 16. Qxb6 {[%emt 0:05:06]} Nb4 {[%emt 0:14:21]} 17. a3 {[%emt 0:20:33]} Nc2 {[%emt 0:00:24]} 18. Rac1 {[%emt 0:01:27]} Nd4 {[%emt 0:00:50]} 19. Nf3 {[%emt 0:00:53]} Bg4 {[%emt 0:05:27]} 20. Nxd4 {[%emt 0:02:50]} exd4 {[%emt 0:00:05]} 21. Nb1 {[%emt 0:03:35]} Ra6 {[%emt 0:03:48]} 22. Qb3 {[%emt 0:01:48]} cxd5 {[%emt 0:00:22]} 23. f3 {[%emt 0:11:34]} Bd7 {[%emt 0:19:28]} 24. Qxd5 {[%emt 0:03:39]} Bc6 {[%emt 0:00:07]} 25. Qb3 {[%emt 0:00:54]} Bh6 {[%emt 0:00:07]} 26. Rce1 {[%emt 0:04:06]} Qc5 {[%emt 0:04:56]} 27. f4 {[%emt 0:02:13]} Rb6 {[%emt 0:00:18]} 28. Qa2 {[%emt 0:01:31]} d3+ {[%emt 0:06:08]} 29. Rf2 {[%emt 0:00:04]} Bd5 {[%emt 0:00:04]} 30. Qa1 {[%emt 0:00:43]} Bg7 {[%emt 0:01:21]} 31. e5 {[%emt 0:00:20]} Bxg2 {[%emt 0:00:28]} 32. Kxg2 {[%emt 0:00:04]} f6 {[%emt 0:00:05]} 33. Qa2+ {[%emt 0:03:06]} Kh8 {[%emt 0:00:19]} 34. b4 {[%emt 0:03:56]} Qc6+ {[%emt 0:02:17]} 35. Kg1 {[%emt 0:00:27]} fxe5 {[%emt 0:01:02]} 36. fxe5 {[%emt 0:00:12]} Rb5 {[%emt 0:00:27]} 37. Qd2 {[%emt 0:03:27]} Rd5 {[%emt 0:21:38]} 38. Rf3 {[%emt 0:00:53]} Qc2 {[%emt 0:02:02]} 39. e6 {[%emt 0:04:53]} Qxd2 {[%emt 0:00:29]} 40. Nxd2 {[%emt 0:00:00]} Bc3 {[%emt 0:00:00]} 41. Rd1 {[%emt 0:04:35]} Rxe6 {[%emt 0:01:09]} 42. Kf1 {[%emt 0:05:00]} Bxd2 {[%emt 0:10:56]} 43. Rxd2 {[%emt 0:01:45]} Red6 {[%emt 0:00:04]} 44. Ke1 {[%emt 0:06:12]} Kg7 {[%emt 0:00:41]} 45. Rb2 {[%emt 0:04:31]} Ra6 {[%emt 0:01:19]} 46. Rb3 {[%emt 0:01:49]} d2+ {[%emt 0:00:44]} 47. Kd1 {[%emt 0:00:08]} Rad6 {[%emt 0:03:06]} 48. Rb2 {[%emt 0:00:45]} b5 {[%emt 0:00:48]} 49. Rf2 {[%emt 0:00:11]} Ra6 {[%emt 0:00:10]} 50. Rb3 {[%emt 0:00:54]} Rad6 {[%emt 0:00:09]} 51. Rb2 {[%emt 0:02:56]} 1/2-1/2

[Event "USA-ch Junior Girls 2018"]
[Site "Saint Louis"]
[Date "2018.07.14"]
[Round "3"]
[White "Cervantes Landeiro, Thalia"]
[Black "Samadashvili, Martha"]
[Result "1/2-1/2"]
[WhiteElo "2208"]
[BlackElo "2040"]
[Annotator "ChessBase"]
[PlyCount "169"]
[EventDate "2018.07.12"]
[EventType "tourn"]
[EventCountry "USA"]
[SourceTitle "playchess.com"]
[Source "ChessBase"]
[SourceQuality "1"]
[TimeControl "40/5400+30:1800+30"]

1. d4 {[%emt 0:00:00]} Nf6 {[%emt 0:00:00]} 2. c4 {[%emt 0:00:00]} e6 {[%emt 0:00:00]} 3. Nc3 {[%emt 0:00:00]} Bb4 {[%emt 0:00:00]} 4. Nf3 {[%emt 0:00:00]} d5 {[%emt 0:00:28]} 5. cxd5 {[%emt 0:00:17]} exd5 {[%emt 0:00:05]} 6. Bg5 {[%emt 0:04:21]} c6 {[%emt 0:00:50]} 7. Qb3 {[%emt 0:03:19]} Be7 {[%emt 0:05:40]} 8. e3 {[%emt 0:01:54]} h6 {[%emt 0:01:09]} 9. Bh4 {[%emt 0:00:25]} Ne4 {[%emt 0:04:16]} 10. Bxe7 {[%emt 0:02:22]} Qxe7 {[%emt 0:00:06]} 11. Bd3 {[%emt 0:00:19]} O-O {[%emt 0:11:48]} 12. Qc2 {[%emt 0:01:50]} Re8 {[%emt 0:01:51]} 13. O-O {[%emt 0:01:47]} Nd7 {[%emt 0:10:49]} 14. Rae1 {[%emt 0:02:34]} Ndf6 {[%emt 0:06:15]} 15. Ne5 {[%emt 0:02:07]} Nxc3 {[%emt 0:08:26]} 16. bxc3 {[%emt 0:00:36]} c5 {[%emt 0:01:03]} 17. f3 {[%emt 0:16:31]} Be6 {[%emt 0:06:07]} 18. Qf2 {[%emt 0:06:12]} c4 {[%emt 0:06:35]} 19. Bb1 {[%emt 0:01:04]} b5 {[%emt 0:03:10]} 20. e4 {[%emt 0:02:04]} Qb7 {[%emt 0:02:11]} 21. Qc2 {[%emt 0:10:30]} g6 {[%emt 0:04:41]} 22. exd5 {[%emt 0:02:56]} Bxd5 {[%emt 0:02:27]} 23. f4 {[%emt 0:03:27]} Kg7 {[%emt 0:06:15]} 24. f5 {[%emt 0:06:01]} g5 {[%emt 0:00:53]} 25. Qf2 {[%emt 0:00:25]} Kh8 {[%emt 0:01:49]} 26. Qg3 {[%emt 0:01:52]} Qb6 {[%emt 0:04:17]} 27. Ng4 {[%emt 0:03:37]} Nxg4 {[%emt 0:01:55]} 28. Qxg4 {[%emt 0:00:32]} Qf6 {[%emt 0:00:40]} 29. Qg3 {[%emt 0:10:46]} Rad8 {[%emt 0:01:53]} 30. Re5 {[%emt 0:01:29]} b4 {[%emt 0:02:47]} 31. cxb4 {[%emt 0:03:16]} Qb6 {[%emt 0:00:19]} 32. Qf2 {[%emt 0:05:05]} f6 {[%emt 0:00:38]} 33. Rxe8+ {[%emt 0:02:27]} Rxe8 {[%emt 0:00:03]} 34. a3 {[%emt 0:00:14]} a5 {[%emt 0:01:39]} 35. bxa5 {[%emt 0:03:27]} Qxa5 {[%emt 0:00:10]} 36. Qb2 {[%emt 0:00:48]} c3 {[%emt 0:01:09]} 37. Qf2 {[%emt 0:01:56]} Qxa3 {[%emt 0:01:24]} 38. Bd3 {[%emt 0:00:10]} Rb8 {[%emt 0:01:35]} 39. Qe1 {[%emt 0:00:00]} Qb4 {[%emt 0:00:00]} 40. Qe3 {[%emt 0:00:00]} Qa4 {[%emt 0:00:00]} 41. Rc1 {[%emt 0:10:49]} Re8 {[%emt 0:18:53]} 42. Qf2 {[%emt 0:02:06]} Bc4 {[%emt 0:02:41]} 43. Qc2 {[%emt 0:10:46]} Qxc2 {[%emt 0:04:13]} 44. Bxc2 {[%emt 0:00:02]} Re2 {[%emt 0:02:11]} 45. Ba4 {[%emt 0:01:20]} Ra2 {[%emt 0:02:02]} 46. Bc6 {[%emt 0:01:36]} c2 {[%emt 0:00:47]} 47. Be4 {[%emt 0:00:38]} Bb3 {[%emt 0:00:11]} 48. Kf2 {[%emt 0:00:26]} Kg7 {[%emt 0:00:57]} 49. Ke3 {[%emt 0:00:55]} Kf8 {[%emt 0:00:49]} 50. Kd2 {[%emt 0:00:29]} Ke7 {[%emt 0:00:12]} 51. Kc3 {[%emt 0:00:28]} Bf7 {[%emt 0:00:32]} 52. Bxc2 {[%emt 0:02:27]} Kd6 {[%emt 0:00:13]} 53. Rb1 {[%emt 0:01:22]} Bd5 {[%emt 0:00:12]} 54. Rb6+ {[%emt 0:00:18]} Ke7 {[%emt 0:00:05]} 55. g3 {[%emt 0:00:53]} Ra1 {[%emt 0:00:14]} 56. Rb2 {[%emt 0:03:33]} Rf1 {[%emt 0:00:48]} 57. Bd3 {[%emt 0:01:05]} Rf3 {[%emt 0:00:08]} 58. Re2+ {[%emt 0:00:19]} Kd6 {[%emt 0:01:03]} 59. Kd2 {[%emt 0:00:52]} Rf1 {[%emt 0:00:50]} 60. Ke3 {[%emt 0:00:37]} Bc6 {[%emt 0:00:36]} 61. Bc4 {[%emt 0:00:43]} Rxf5 {[%emt 0:01:01]} 62. Kd3 {[%emt 0:00:25]} Bd7 {[%emt 0:00:55]} 63. Rb2 {[%emt 0:00:52]} Rf3+ {[%emt 0:00:25]} 64. Ke2 {[%emt 0:01:16]} Rc3 {[%emt 0:00:17]} 65. Bd3 {[%emt 0:00:45]} Kd5 {[%emt 0:01:44]} 66. Rb6 {[%emt 0:00:34]} Bc6 {[%emt 0:01:56]} 67. Ke3 {[%emt 0:00:23]} Ra3 {[%emt 0:00:41]} 68. h4 {[%emt 0:00:42]} f5 {[%emt 0:00:55]} 69. hxg5 {[%emt 0:00:16]} hxg5 {[%emt 0:00:05]} 70. Ke2 {[%emt 0:00:41]} f4 {[%emt 0:00:57]} 71. gxf4 {[%emt 0:00:02]} gxf4 {[%emt 0:00:03]} 72. Bg6 {[%emt 0:00:42]} Bd7 {[%emt 0:00:48]} 73. Bh5 {[%emt 0:00:33]} Bc8 {[%emt 0:01:05]} 74. Bf3+ {[%emt 0:00:37]} Kxd4 {[%emt 0:00:09]} 75. Rb4+ {[%emt 0:00:01]} Ke5 {[%emt 0:00:09]} 76. Rb5+ {[%emt 0:00:08]} Kf6 {[%emt 0:00:11]} 77. Rb6+ {[%emt 0:00:08]} Kg5 {[%emt 0:00:19]} 78. Rb5+ {[%emt 0:00:42]} Bf5 {[%emt 0:00:18]} 79. Kf2 {[%emt 0:00:32]} Ra2+ {[%emt 0:00:07]} 80. Be2 {[%emt 0:00:33]} Kf6 {[%emt 0:00:58]} 81. Rb6+ {[%emt 0:01:05]} Be6 {[%emt 0:01:08]} 82. Kf3 {[%emt 0:00:19]} Ra4 {[%emt 0:00:13]} 83. Bd1 {[%emt 0:00:32]} Rd4 {[%emt 0:01:26]} 84. Bb3 {[%emt 0:00:44]} Rd3+ {[%emt 0:00:05]} 85. Kxf4 {[%emt 0:00:04]} 1/2-1/2

[Event "USA-ch Junior Girls 2018"]
[Site "Saint Louis"]
[Date "2018.07.14"]
[Round "3"]
[White "Wu, Rochelle"]
[Black "Feng, Maggie"]
[Result "1/2-1/2"]
[WhiteElo "2110"]
[BlackElo "2236"]
[Annotator "TA"]
[PlyCount "62"]
[EventDate "2018.07.12"]
[EventType "tourn"]
[EventCountry "USA"]
[SourceTitle "playchess.com"]
[Source "ChessBase"]
[SourceQuality "1"]

{[%evp 19,62,0,0,-137,0,-25,-19,-13,-30,-71,-91,-98,45,47,44,54,58,58,58,60,66,63,83,45,47,-17,-18,-27,-18,-46,-31,-38,-29,-45,-45,-76,-69,-110,-104,-106,0,-78,0,-95,0]} 1. e4 e6 2. d4 d5 3. Nc3 Bb4 4. e5 Ne7 5. a3 Bxc3+ 6. bxc3 c5 7. Qg4 O-O 8. Bd3 Nbc6 9. Nf3 f5 10. exf6 Rxf6 {LiveBook: 219 Games} 11. Ng5 {[#] C18: French: 3 Nc3 Bb4: Main line: 7 h4 and 7 Qg4} (11. Bg5 $11 Rf7 12. Bxe7 Rxe7 13. Qh4) (11. Ne5 c4 12. Bg5 Nxe5 13. dxe5 Rf7 14. Bxe7 Rxe7 15. Be2 Qa5 16. Qd4 Bd7 17. h4 Rf8 18. g3 Be8 {½-½ (49) Kryvoruchko,Y (2671)-Vidit,S (2625) Al Ain 2014}) 11... Nf5 (11... h6 $1 $17 12. Nh7 Rf7 13. Bxh6 Nf5) 12. Qh5 ({Of course not} 12. dxc5 h6 $17) 12... h6 {...Qa5 is the strong threat.} 13. Nf3 $1 {The position is equal.} c4 14. Be2 Nd6 15. g4 Qe8 $146 ({Black should play} 15... Ne4 $17 {Hoping for ...Bd7.} 16. g5 Rf5) ({Predecessor:} 15... Ne4 16. g5 Rf5 17. Rg1 Bd7 18. Qh4 Qa5 {½-½ (35) Hakimifard,R (2001)-Alinasab,M (1881) Teheran 2014}) 16. Qxe8+ $14 Nxe8 17. Ne5 Nd6 18. f3 Nf7 19. f4 Nd6 20. Bf3 Rf8 21. Bg2 Nxe5 22. fxe5 (22. dxe5 $14 Nb5 23. Bd2) 22... Ne4 $11 23. Bxe4 dxe4 24. Ke2 Bd7 25. Be3 Ba4 26. Kd2 Rf3 27. Rae1 Raf8 28. Rhg1 Rh3 29. Rg2 Rhf3 30. Rgg1 $1 Rh3 31. Rg2 $1 Rhf3 {Precision: White = 50%, Black = 50%.} (31... Rff3 $17 32. g5 h5) 1/2-1/2

[Event "USA-ch Junior Girls 2018"]
[Site "Saint Louis"]
[Date "2018.07.14"]
[Round "3"]
[White "Matus, Nastassja"]
[Black "Morris-Suzuki, Sophie"]
[Result "1-0"]
[WhiteElo "1960"]
[BlackElo "1980"]
[Annotator "NA RC"]
[PlyCount "123"]
[EventDate "2018.07.12"]
[EventType "tourn"]
[EventCountry "USA"]
[SourceTitle "playchess.com"]
[Source "ChessBase"]
[SourceQuality "1"]
[TimeControl "40/5400+30:1800+30"]

{[%evp 33,122,1,-2,-58,14,-80,-89,-87,-71,-70,-72,-115,-89,-129,-107,-133,-59,-75,-60,-50,-62,-69,-53,-79,-90,-639,-64,-652,-760,-698,-796,32767,32767,32767,32767,-1916,-577,-654,-187,-187,-194,-151,-154,-341,-379,-333,0,0,0,0,0,0,0,0,0,0,0,0,429,0,0,0,0,0,0,0,0,0,182,0,0,0,0,0,0,0,0,0,809,816,943,12835,29994,29995,29996,29997,29997,29997,29998,29999,29999]} 1. c4 {[%emt 0:00:00]} e5 {[%emt 0:00:00]} 2. Nc3 {[%emt 0:00:00]} Nf6 {[%emt 0:00:06]} 3. Nf3 {[%emt 0:00:02]} Nc6 {[%emt 0:00:07]} 4. e3 {[%emt 0:00:59]} Bb4 {[%emt 0:04:07]} 5. Qc2 {[%emt 0:05:46]} O-O {[%emt 0:00:45]} 6. Nd5 {[%emt 0:01:03]} Bc5 {[%emt 0:00:37] A28: English Opening: Four Knights Variation} (6... Be7 7. a3 d6 8. Be2 Be6 9. Ng5 Bxd5 10. cxd5 Nb8 11. Qb3 Nbd7 12. d3 h6 13. Nf3 c6 14. dxc6 bxc6 {½-½ (39) Cheparinov,I (2710)-Kryvoruchko,Y (2689) Riadh 2017}) 7. Ng5 {[%emt 0:00:19]} g6 {[%emt 0:01:23]} 8. Nxf6+ {[%emt 0:00:14]} Qxf6 {[%emt 0:00:07]} 9. Ne4 {[%emt 0:00:05]} Qe7 {[%emt 0:06:44]} 10. Nxc5 {[%emt 0:00:24]} Qxc5 {[%emt 0:00:11]} 11. a3 {[%emt 0:00:09]} a5 {[%emt 0:01:38]} 12. b3 {[%emt 0:00:52]} d5 {[%emt 0:02:06]} 13. Be2 {[%emt 0:06:45]} d4 $146 {[%emt 0:08:03]} ({Predecessor:} 13... Bf5 14. d3 {0-1 (41) Daley,E-Rach,J ICCF email 2007}) 14. Bf3 {[%emt 0:33:27]} Bf5 {[%emt 0:17:23]} 15. e4 {[%emt 0:11:34]} d3 {[%emt 0:08:56]} 16. Qxd3 {[%emt 0:03:50]} Be6 {[%emt 0:00:10]} 17. Bb2 {[%emt 0:10:47]} a4 {[%emt 0:11:55]} 18. Be2 {[%emt 0:09:56]} (18. b4 $11 Bxc4 19. Qe3) 18... Rfd8 {[%emt 0:09:22]} 19. Qe3 {[%emt 0:05:17] [#]} (19. b4 $11 Rxd3 20. bxc5) 19... Nd4 $1 {[%emt 0:00:50]} 20. Bxd4 {[%emt 0:01:23]} exd4 {[%emt 0:00:25]} 21. Qd3 {[%emt 0:00:46] [#]} axb3 $1 {[%emt 0:00:41]} 22. Qxb3 {[%emt 0:01:13] [#]} d3 $1 {[%emt 0:07:25]} 23. Bxd3 {[%emt 0:01:10]} Qd4 {[%emt 0:02:24]} ({Black should play} 23... Qd6 $19 24. Ke2 Rd7) 24. Ke2 {[%emt 0:00:47]} Ra4 {[%emt 0:01:14]} (24... Qc5 $17 25. Rhd1 Rd4) 25. Rhc1 {[%emt 0:01:54]} b5 $1 {[%emt 0:02:57]} 26. Qc3 {[%emt 0:00:37]} Qc5 {[%emt 0:00:46]} 27. cxb5 {[%emt 0:00:40]} Qh5+ {[%emt 0:00:39]} 28. Kf1 {[%emt 0:01:22]} Qxh2 {[%emt 0:00:56]} 29. Qxc7 $2 {[%emt 0:01:20]} (29. f3 $17 Rad4 30. Qxc7) 29... Qh1+ {[%emt 0:07:11]} 30. Ke2 {[%emt 0:00:01] [#]} Bg4+ $1 {[%emt 0:01:03]} 31. Ke3 {[%emt 0:00:10]} Qh6+ {[%emt 0:01:23]} 32. f4 {[%emt 0:00:09]} Rad4 {[%emt 0:00:52]} 33. Rc3 {[%emt 0:00:42]} Qh4 {[%emt 0:00:25]} 34. f5 {[%emt 0:01:11]} Qg5+ {[%emt 0:01:31]} (34... R4d6 $142 {[%cal Rh4g3]} 35. Be2 Rxd2) 35. Kf2 {[%emt 0:01:05]} Qxd2+ $2 {[%emt 0:00:31]} (35... Rxd3 36. Rxd3 Rxd3) 36. Kg1 {[%emt 0:00:09]} Rxd3 {[%emt 0:00:27]} 37. Rxd3 {[%emt 0:00:19]} Qxd3 {[%emt 0:00:17]} 38. b6 {[%emt 0:00:53] [#]} (38. Rf1 {was necessary.} Qd4+ 39. Kh2) 38... Qd4+ $1 {[%emt 0:00:42]} ({Weaker is} 38... gxf5 39. b7 $11) 39. Kh2 {[%emt 0:00:02]} Re8 $2 {[%emt 0:02:06]} ({Stronger than} 39... gxf5 40. b7 $16) (39... Rd6 $19 40. Re1 Qxb6 41. Qxb6 Rxb6) 40. Rc1 {[%emt 0:00:00]} gxf5 {[%emt 0:00:00]} 41. b7 {[%emt 0:05:24]} Qd2 $1 {[%emt 0:11:54]} 42. Rc3 {[%emt 0:11:02]} Kg7 {[%emt 0:01:51]} 43. Rb3 {[%emt 0:07:17]} Re6 {[%emt 0:13:05]} 44. b8=Q {[%emt 0:07:08]} Rh6+ {[%emt 0:00:19]} 45. Kg3 {[%emt 0:00:03]} Qe1+ {[%emt 0:00:36]} 46. Kf4 {[%emt 0:00:04]} Qxe4+ $11 {[%emt 0:00:35] and Black has nothing to worry.} 47. Kg3 {[%emt 0:00:03]} Qe1+ {[%emt 0:00:50]} 48. Kf4 {[%emt 0:00:03]} Qe4+ {[%emt 0:02:36]} 49. Kg3 {[%emt 0:00:07]} Qe1+ {[%emt 0:03:10]} 50. Kf4 {[%emt 0:00:06]} Qf2+ $2 {[%emt 0:00:24] [#]} 51. Rf3 $2 {[%emt 0:03:14]} ({Weiss kommt nicht vorbei an} 51. Ke5 $1 $18 Qd2 52. Qbc8) 51... Qd2+ {[%emt 0:00:14]} 52. Kg3 {[%emt 0:01:27]} Qe1+ {[%emt 0:00:06]} 53. Kf4 {[%emt 0:00:14]} Qe4+ {[%emt 0:00:29]} 54. Kg3 {[%emt 0:00:25]} Rh3+ {[%emt 0:00:50]} 55. Kf2 {[%emt 0:00:24]} Qd4+ $2 {[%emt 0:00:26]} (55... Rxf3+ $11 56. gxf3 Qxf3+ 57. Kg1 Qe3+ 58. Kg2 Qd2+ 59. Kg1 Qe3+ 60. Kg2 Bf3+ 61. Kh3 Bg4+ 62. Kg2) 56. Ke2 {[%emt 0:00:39]} Bxf3+ {[%emt 0:01:30]} 57. gxf3 {[%emt 0:00:21]} Qg1 {[%emt 0:00:37]} 58. Qe5+ {[%emt 0:00:51]} Kh6 {[%emt 0:00:23]} 59. Qf8+ {[%emt 0:00:25]} Kh5 {[%emt 0:00:01]} 60. Qxf7+ {[%emt 0:00:31]} Kh4 {[%emt 0:00:21]} 61. Qf4+ {[%emt 0:00:26]} Qg4 {[%emt 0:00:02]} 62. Qxh7# {[%emt 0:00:18]} 1-0